[Event "Wch U20 Girls 37th"]
[Site "New Delhi"]
[Date "2019.10.17"]
[Round "4"]
[White "Di Benedetto, Desiree"]
[Black "Rindhiya, V."]
[Result "0-1"]
[WhiteElo "2235"]
[BlackElo "1817"]
[PlyCount "102"]
[EventDate "2019.10.15"]
[EventType "swiss"]
[EventRounds "11"]
[EventCountry "IND"]
[SourceTitle "CBM 192 Extra"]
[Source "Chessbase"]
[SourceDate "2019.11.06"]
[SourceVersion "1"]
[SourceVersionDate "2019.11.06"]
[SourceQuality "1"]

1. c4 e5 2. Nc3 Nc6 3. g3 g6 4. Bg2 Bg7 5. Nf3 d6 6. 0-0 Nge7 7. d3 0-0 8. Bd2 Bd7 9. Rb1 Qc8 10. b4 Bh3 11. e3 Bxg2 12. Kxg2 f5 13. b5 Nd8 14. Nd5 Qd7 15. Qb3 Ne6 16. c5 Kh8 17. Nxe7 Qxe7 18. cxd6 cxd6 19. Qd5 e4 20. dxe4 fxe4 21. Qxe4 Nf4+ 22. Qxf4 Rxf4 23. exf4 d5 24. Rfe1 Qd7 25. Bb4 Re8 26. Rxe8+ Qxe8 27. Rc1 h6 28. a4 Qe4 29. Bd6 Qxa4 30. Rc8+ Kh7 31. Rc7 Kg8 32. Rxb7 d4 33. Bc5 Qc4 34. Bxa7 Qd5 35. Rb8+ Kh7 36. h4 Bf6 37. Rb6 d3 38. Rxf6 d2 39. f5 g5 40. hxg5 hxg5 41. Rd6 d1Q 42. Rxd5 Qxd5 43. g4 Qe4 44. Bb8 Qxg4+ 45. Bg3 Qe4 46. Kh2 Qxf3 47. b6 Qc6 48. Bc7 Kg7 49. Be5+ Kf7 50. Bd4 Qe4 51. Be3 Kf6 0-1

[Event "ESP-chT CECLUB Honor"]
[Site "Linares"]
[Date "2019.10.01"]
[Round "2.2"]
[White "Vega Gutierrez, Sabrina Neide"]
[Black "Di Benedetto, Desiree"]
[Result "0-1"]
[WhiteElo "2395"]
[BlackElo "2235"]
[PlyCount "176"]
[EventDate "2019.09.30"]
[EventType "team-tourn"]
[EventRounds "7"]
[EventCountry "ESP"]
[SourceTitle "EXT 2020"]
[Source "ChessBase"]
[SourceDate "2019.10.17"]
[SourceVersion "1"]
[SourceVersionDate "2019.10.17"]
[SourceQuality "1"]
[WhiteTeam "Beniajan Duochess CAC"]
[BlackTeam "Collado Villalba"]
[WhiteTeamCountry "ESP"]
[BlackTeamCountry "ESP"]

1. e4 e6 2. d4 d5 3. Nc3 Nf6 4. Bg5 Be7 5. e5 Nfd7 6. h4 h6 7. Bxe7 Qxe7 8. Qd2 a6 9. Nce2 c5 10. c3 Nc6 11. Nf3 b5 12. Nf4 Bb7 13. Bd3 cxd4 14. cxd4 Nb6 15. b3 Rc8 16. Nh5 Kf8 17. Rh3 Qb4 18. Rc1 Qxd2+ 19. Kxd2 Nd7 20. Rg3 g6 21. Nf6 Ke7 22. h5 g5 23. Ng4 b4 24. Rf1 a5 25. Ke3 Ncb8 26. Ng1 Ba6 27. Ne2 Bxd3 28. Kxd3 Nc6 29. f4 gxf4 30. Rgf3 Rcg8 31. Nf2 Ndxe5+ 32. dxe5 Nxe5+ 33. Kd4 Nxf3+ 34. gxf3 Kd6 35. Ng4 Rg5 36. Nxf4 e5+ 37. Nxe5 Rxe5 38. Rc1 Rf5 39. Nd3 Rxf3 40. Nc5 Rf4+ 41. Ke3 Rh4 42. Nb7+ Ke5 43. Nxa5 Ra8 44. Nc6+ Kd6 45. Nd4 Rxh5 46. Rc6+ Kd7 47. Rb6 Rxa2 48. Rxb4 Rh3+ 49. Kf4 Rf2+ 50. Kg4 Rh1 51. Kg3 Rf6 52. Rb7+ Kd6 53. Rb6+ Ke5 54. Nf3+ Kf5 55. Rb4 Rg6+ 56. Kf2 Rd6 57. Kg3 Rd1 58. Rf4+ Ke6 59. Nd4+ Rxd4 60. Rxd4 Ke5 61. Rh4 Rf6 62. b4 d4 63. b5 Rb6 64. Kf3 f5 65. Rh5 Rxb5 66. Rxh6 Rb3+ 67. Ke2 Re3+ 68. Kf2 f4 69. Rh8 Ke4 70. Re8+ Kd3 71. Ra8 Kc2 72. Ra2+ Kb3 73. Ra8 d3 74. Rb8+ Kc2 75. Rc8+ Kd1 76. Rc4 d2 77. Rc8 Re2+ 78. Kf1 f3 79. Rc7 f2 80. Rc5 Re1+ 81. Kxf2 Re2+ 82. Kf1 Re6 83. Rc8 Rf6+ 84. Kg2 Rf5 85. Rc7 Ke2 86. Re7+ Kd3 87. Rd7+ Kc3 88. Rd8 Rf4 0-1

[Event "Spilimbergo op 17th"]
[Site "Spilimbergo"]
[Date "2019.08.09"]
[Round "1"]
[White "Kovalev, Vladislav"]
[Black "Di Benedetto, Desiree"]
[Result "1-0"]
[WhiteElo "2651"]
[BlackElo "2243"]
[PlyCount "131"]
[EventDate "2019.08.09"]
[EventType "swiss"]
[EventRounds "9"]
[EventCountry "ITA"]
[SourceTitle "CBM 191 Extra"]
[Source "ChessBase"]
[SourceDate "2019.09.30"]
[SourceVersion "1"]
[SourceVersionDate "2019.09.30"]
[SourceQuality "1"]

1. e4 e6 2. d3 d5 3. Nd2 Nf6 4. e5 Nfd7 5. f4 c5 6. Ndf3 Nc6 7. c3 Qb6 8. g3 Be7 9. Bg2 0-0 10. Ne2 f6 11. d4 cxd4 12. exf6 Nxf6 13. Nexd4 Nxd4 14. Nxd4 Bd6 15. Qb3 Qxb3 16. axb3 Bd7 17. 0-0 a6 18. b4 e5 19. fxe5 Bxe5 20. Be3 Rae8 21. Rfe1 Bxd4 22. Bxd4 Ne4 23. Re3 Bc6 24. Rae1 Rd8 25. Bb6 Ra8 26. b3 Nd2 27. Rd3 Ne4 28. Rde3 Nd2 29. Bc5 Rfc8 30. Bh3 Rd8 31. Rd3 Ne4 32. Bd4 Re8 33. Rde3 Ng5 34. Bg4 Rxe3 35. Rxe3 Ne4 36. Be6+ Kh8 37. Re1 Re8 38. Bg4 h6 39. Rf1 Kg8 40. Bh5 Rf8 41. Rxf8+ Kxf8 42. Bd1 Kf7 43. Kf1 g6 44. Ke2 Nd6 45. Bc2 h5 46. Be5 Ne4 47. Ke3 Ke6 48. Bh8 g5 49. Bd1 Be8 50. Kd4 Nf2 51. Bf3 Ne4 52. c4 Nd2 53. Bxd5+ Kf5 54. Bxb7 Nxb3+ 55. Kc3 Nc1 56. Bxa6 Ne2+ 57. Kd2 Ng1 58. Bc8+ Ke4 59. Bb7+ Kf5 60. b5 g4 61. b6 Bd7 62. Ke3 Nf3 63. Be4+ Ke6 64. Bxf3 gxf3 65. b7 f2 66. Kxf2 1-0

[Event "ITA-ch sf"]
[Site "Spoleto"]
[Date "2019.07.26"]
[Round "7"]
[White "Bettalli, Francesco"]
[Black "Di Benedetto, Desiree"]
[Result "0-1"]
[WhiteElo "2095"]
[BlackElo "2230"]
[PlyCount "134"]
[EventDate "2019.07.20"]
[EventType "swiss"]
[EventRounds "9"]
[EventCountry "ITA"]
[SourceTitle "EXT 2020"]
[Source "ChessBase"]
[SourceDate "2019.10.17"]
[SourceVersion "1"]
[SourceVersionDate "2019.10.17"]
[SourceQuality "1"]

1. e4 e6 2. Nf3 d5 3. e5 c5 4. a3 Nc6 5. b4 b6 6. c3 c4 7. d3 cxd3 8. Bxd3 Qc7 9. Bf4 Nge7 10. Qe2 Ng6 11. Bg3 a5 12. Ra2 axb4 13. axb4 Rxa2 14. Qxa2 Be7 15. 0-0 0-0 16. Re1 Bb7 17. Na3 Ra8 18. Qb3 Qd8 19. Nc2 Ra7 20. Nfd4 Nxd4 21. Nxd4 Qa8 22. Qb1 Ba6 23. Nb5 Bxb5 24. Bxb5 Ra3 25. Rc1 Bg5 26. Rf1 Bd2 27. c4 dxc4 28. Bxc4 Bc3 29. f4 Ra1 30. Qb3 Bd4+ 31. Kh1 Rxf1+ 32. Bxf1 Qa1 33. Qc4 h5 34. h4 Ne7 35. Qe2 Nf5 36. Bf2 Bxf2 37. Qxf2 Qb1 38. b5 Qc1 39. Kh2 g6 40. Be2 Ne3 41. g3 Qd2 42. Kg1 Qd4 43. Bf3 Kg7 44. Qe2 Nf5+ 45. Qf2 Qd3 46. g4 hxg4 47. Bxg4 Qxb5 48. Bxf5 exf5 49. Kh2 Qc4 50. Kg3 Qd3+ 51. Kh2 Qe4 52. Kg3 Qd3+ 53. Kh2 b5 54. Qb2 Kh7 55. Qf2 b4 56. e6 fxe6 57. Qa7+ Kh6 58. Qb8 Qe2+ 59. Kg1 Kh5 60. Qxb4 Kg4 61. Qc3 Kxf4 62. Qc7+ Kf3 63. Qb7+ Qe4 64. Qb2 Qe1+ 65. Kh2 Qxh4+ 66. Kg1 Qe1+ 67. Kh2 Qe2+ 0-1

[Event "ITA-ch sf"]
[Site "Spoleto"]
[Date "2019.07.22"]
[Round "3"]
[White "Di Benedetto, Desiree"]
[Black "Palozza, Christian"]
[Result "1/2-1/2"]
[WhiteElo "2230"]
[BlackElo "2187"]
[PlyCount "108"]
[EventDate "2019.07.20"]
[EventType "swiss"]
[EventRounds "9"]
[EventCountry "ITA"]
[SourceTitle "EXT 2020"]
[Source "ChessBase"]
[SourceDate "2019.10.17"]
[SourceVersion "1"]
[SourceVersionDate "2019.10.17"]
[SourceQuality "1"]

1. d4 e6 2. c4 Nf6 3. Nc3 Bb4 4. Qc2 b6 5. e4 c5 6. e5 cxd4 7. a3 Bxc3+ 8. bxc3 Ng8 9. cxd4 Ne7 10. Nf3 Bb7 11. Bd3 d6 12. Bb2 Bxf3 13. gxf3 Nbc6 14. Rd1 dxe5 15. dxe5 Qc7 16. f4 g6 17. 0-0 0-0 18. Qe2 Rac8 19. Bc3 Na5 20. Bb4 Nb7 21. Bb1 Rfd8 22. Rxd8+ Rxd8 23. Rd1 Nc5 24. Rd2 a5 25. Bc3 Kf8 26. Bc2 Rxd2 27. Qxd2 Qd7 28. Bd4 Ke8 29. Qe3 Qc6 30. Qh3 h5 31. Qe3 Nd7 32. Qc3 Nc5 33. f3 Nf5 34. Bf2 Ke7 35. Kg2 Nd7 36. Be4 Qc7 37. Qd3 Nc5 38. Qd1 Qd7 39. Qb1 Qc7 40. Qb5 Kf8 41. Bxf5 exf5 42. Qb2 Ne6 43. Qc1 f6 44. Bg3 fxe5 45. fxe5 Kg7 46. h4 Qd7 47. Qe3 Qd8 48. Bf2 Qc7 49. Qxb6 Qxe5 50. Qa7+ Kg8 51. Qa8+ Kg7 52. Qa7+ Kg8 53. Qa8+ Kg7 54. Qa7+ Kf6 1/2-1/2

[Event "ITA-chTB 51st"]
[Site "Brixen Bressanone"]
[Date "2019.04.26"]
[Round "1.1"]
[White "Di Benedetto, Desiree"]
[Black "Seresin, Francesco"]
[Result "0-1"]
[WhiteElo "2231"]
[BlackElo "2300"]
[PlyCount "112"]
[EventDate "2019.04.26"]
[EventType "team-swiss"]
[EventRounds "7"]
[EventCountry "ITA"]
[SourceTitle "CBM 190 Extra"]
[Source "ChessBase"]
[SourceDate "2019.07.15"]
[SourceVersion "1"]
[SourceVersionDate "2019.07.15"]
[SourceQuality "1"]
[WhiteTeam "Lazio Scacchi"]
[BlackTeam "Perugia Euro Scacchi"]
[WhiteTeamCountry "ITA"]
[BlackTeamCountry "ITA"]

1. d4 Nf6 2. c4 g6 3. Nc3 d5 4. Nf3 Bg7 5. cxd5 Nxd5 6. e4 Nxc3 7. bxc3 0-0 8. Be3 c5 9. Be2 Qa5 10. Qd2 Nc6 11. Rd1 Bg4 12. 0-0 Rfd8 13. Qb2 Qb6 14. Qxb6 axb6 15. dxc5 Rxd1 16. Bxd1 bxc5 17. Bb3 Bxf3 18. gxf3 Bxc3 19. Bxc5 Bd4 20. Rc1 e6 21. Kg2 Ra5 22. Bd6 Be5 23. Bxe5 Rxe5 24. Rd1 Rg5+ 25. Kh3 Rc5 26. f4 Rc3+ 27. Kg2 Kf8 28. f5 Ke7 29. fxe6 fxe6 30. f4 b5 31. f5 gxf5 32. exf5 exf5 33. Rd5 Kf6 34. Rxb5 Nd4 35. Rb7 h5 36. Bg8 Rc2+ 37. Kg3 Rc3+ 38. Kg2 h4 39. Rb6+ Kg5 40. Bd5 Rc2+ 41. Kf1 Kf4 42. Rb8 Rxh2 43. a4 Nc2 44. a5 Ne3+ 45. Kg1 Rd2 46. Bb7 h3 47. Rh8 Kg3 48. Rg8+ Ng4 49. Kf1 Ra2 50. a6 h2 51. Ke1 Rxa6 52. Rf8 Re6+ 53. Kd2 f4 54. Ba8 Ra6 55. Bb7 Ra2+ 56. Kd3 Ra1 0-1

[Event "Karlsruhe Grenke op"]
[Site "Karlsruhe"]
[Date "2019.04.20"]
[Round "5"]
[White "Di Benedetto, Desiree"]
[Black "D'Costa, Lorin AR"]
[Result "0-1"]
[WhiteElo "2231"]
[BlackElo "2390"]
[PlyCount "38"]
[EventDate "2019.04.18"]
[EventType "swiss"]
[EventRounds "9"]
[EventCountry "GER"]
[SourceTitle "CBM 189 Extra"]
[Source "ChessBase"]
[SourceDate "2019.06.03"]
[SourceVersion "1"]
[SourceVersionDate "2019.06.03"]
[SourceQuality "1"]

1. d4 Nf6 2. c4 e6 3. Nc3 d5 4. Bg5 Nbd7 5. cxd5 exd5 6. Nf3 c6 7. e3 Be7 8. Bd3 Ne4 9. Bxe7 Qxe7 10. Qc2 Ndf6 11. 0-0 0-0 12. a3 Bf5 13. b4 a6 14. Ne5 g6 15. Na4 Nd6 16. Bxf5 Nxf5 17. Nc5 Nd6 18. Rfb1 Rac8 19. a4 Rc7 0-1

[Event "EU-ch 20th"]
[Site "Skopje"]
[Date "2019.03.29"]
[Round "11"]
[White "Ayats Llobera, Gerard"]
[Black "Di Benedetto, Desiree"]
[Result "1-0"]
[WhiteElo "2377"]
[BlackElo "2236"]
[PlyCount "87"]
[EventDate "2019.03.18"]
[EventType "swiss"]
[EventRounds "11"]
[EventCountry "MKD"]
[SourceTitle "CBM 189"]
[Source "ChessBase"]
[SourceDate "2019.04.29"]
[SourceVersion "1"]
[SourceVersionDate "2019.04.29"]
[SourceQuality "1"]

1. Nf3 Nf6 2. b3 g6 3. Bb2 Bg7 4. e3 0-0 5. d4 d5 6. Bd3 c5 7. dxc5 Qa5+ 8. Nbd2 Nbd7 9. a3 Nxc5 10. b4 Nxd3+ 11. cxd3 Qb5 12. Nb3 Bg4 13. Qd2 Bxf3 14. gxf3 d4 15. Nxd4 Qd5 16. Rc1 Rac8 17. Ke2 e5 18. Nc2 Rfd8 19. e4 Qe6 20. Ne3 Bh6 21. Rxc8 Rxc8 22. Rc1 Rd8 23. Qc3 Nh5 24. Qxe5 Nf4+ 25. Kf1 Qxe5 26. Bxe5 Nxd3 27. Rd1 Bxe3 28. fxe3 Re8 29. Bf6 Ne5 30. Ke2 h5 31. a4 Nc6 32. b5 Na5 33. Rc1 a6 34. Rc7 axb5 35. axb5 Ra8 36. b6 h4 37. Bxh4 Nb3 38. Rxb7 Ra2+ 39. Kd1 Rd2+ 40. Ke1 Rxh2 41. Bf6 Kh7 42. Rb8 Rh1+ 43. Ke2 Rh2+ 44. Kd3 1-0

[Event "EU-ch 20th"]
[Site "Skopje"]
[Date "2019.03.28"]
[Round "10"]
[White "Di Benedetto, Desiree"]
[Black "Mihajlov, Sebastian"]
[Result "1/2-1/2"]
[WhiteElo "2236"]
[BlackElo "2356"]
[PlyCount "61"]
[EventDate "2019.03.18"]
[EventType "swiss"]
[EventRounds "11"]
[EventCountry "MKD"]
[SourceTitle "CBM 189"]
[Source "ChessBase"]
[SourceDate "2019.04.29"]
[SourceVersion "1"]
[SourceVersionDate "2019.04.29"]
[SourceQuality "1"]

1. d4 Nf6 2. c4 c6 3. Nf3 d5 4. Nc3 e6 5. e3 Nbd7 6. Qc2 Bd6 7. Be2 0-0 8. 0-0 Re8 9. Rd1 Qe7 10. b3 b6 11. e4 dxe4 12. Nxe4 Nxe4 13. Qxe4 Bb7 14. Bg5 Nf6 15. Qh4 h6 16. Bxf6 Qxf6 17. Qxf6 gxf6 18. c5 bxc5 19. dxc5 Bxc5 20. Rd7 Re7 21. Rad1 Kf8 22. Rd8+ Rxd8 23. Rxd8+ Re8 24. Rd7 Rb8 25. Ne1 Ke8 26. Rd1 Ke7 27. Bf3 Bb6 28. g3 f5 29. Rc1 Rd8 30. Rc2 e5 31. Kf1 1/2-1/2

[Event "EU-ch 20th"]
[Site "Skopje"]
[Date "2019.03.27"]
[Round "9"]
[White "Di Benedetto, Desiree"]
[Black "Badelka, Olga"]
[Result "0-1"]
[WhiteElo "2236"]
[BlackElo "2384"]
[PlyCount "50"]
[EventDate "2019.03.18"]
[EventType "swiss"]
[EventRounds "11"]
[EventCountry "MKD"]
[SourceTitle "CBM 189"]
[Source "ChessBase"]
[SourceDate "2019.04.29"]
[SourceVersion "1"]
[SourceVersionDate "2019.04.29"]
[SourceQuality "1"]

1. d4 Nf6 2. c4 c5 3. d5 b5 4. cxb5 a6 5. e3 g6 6. Nc3 Bg7 7. Nf3 Bb7 8. a4 0-0 9. Be2 e6 10. e4 axb5 11. Bxb5 exd5 12. exd5 Re8+ 13. Be3 Ng4 14. 0-0 Nxe3 15. fxe3 Na6 16. e4 Nc7 17. Bd3 d6 18. Qd2 Qe7 19. a5 Na6 20. Qf4 Nb4 21. Bc4 Ba6 22. Bxa6 Nxa6 23. Ng5 Qb7 24. Qh4 h6 25. Nf3 Qxb2 0-1

[Event "ITA-ch (Women) 78th"]
[Site "Salerno"]
[Date "2018.11.30"]
[Round "4"]
[White "Di Benedetto, Desiree"]
[Black "Brunello, Marina"]
[Result "0-1"]
[WhiteElo "2271"]
[BlackElo "2338"]
[PlyCount "110"]
[EventDate "2018.11.27"]
[EventType "tourn"]
[EventRounds "7"]
[EventCountry "ITA"]
[SourceTitle "CBM 187 Extra"]
[Source "ChessBase"]
[SourceDate "2018.11.04"]
[SourceVersion "1"]
[SourceVersionDate "2018.11.04"]
[SourceQuality "1"]

1. d4 d5 2. Bf4 Nf6 3. e3 Bg4 4. Nf3 c6 5. c4 Nbd7 6. Nc3 e6 7. Qb3 Bxf3 8. gxf3 Qb6 9. h4 Nh5 10. Bh2 Be7 11. Qxb6 axb6 12. cxd5 exd5 13. e4 dxe4 14. fxe4 g6 15. Be2 Ng7 16. Bf4 b5 17. Bf3 b4 18. Ne2 h5 19. Nc1 0-0 20. Nd3 Rfd8 21. Be3 Ne6 22. Nc1 Ndf8 23. Nb3 Bf6 24. e5 Be7 25. Be4 Ng7 26. f4 Nf5 27. Bxf5 gxf5 28. Ke2 Ne6 29. Kf3 Kh7 30. Bf2 Rg8 31. Nc5 Bxc5 32. dxc5 Rg4 33. Be3 Rag8 34. Rag1 Nc7 35. a3 bxa3 36. bxa3 Ra8 37. Ra1 Ra4 38. Rhb1 Nb5 39. Rb4 Rxb4 40. axb4 Rxh4 41. Rd1 Rh3+ 42. Kf2 Nc3 43. Rd7 Kg6 44. Rd6+ Kh7 45. Rd7 Nd5 46. Bd2 Rd3 47. Ke1 Kg6 48. Rd6+ Kg7 49. Rd7 Nxf4 50. Rxb7 Ne6 51. Ra7 h4 52. Ke2 Rb3 53. Ra1 Nd4+ 54. Kf2 Rb2 55. Rg1+ Kf8 0-1

[Event "ITA-ch (Women) 78th"]
[Site "Salerno"]
[Date "2018.11.27"]
[Round "1"]
[White "Di Benedetto, Desiree"]
[Black "Andolfatto, Maria"]
[Result "1-0"]
[WhiteElo "2271"]
[BlackElo "2065"]
[PlyCount "129"]
[EventDate "2018.11.27"]
[EventType "tourn"]
[EventRounds "7"]
[EventCountry "ITA"]
[SourceTitle "CBM 187 Extra"]
[Source "ChessBase"]
[SourceDate "2018.11.04"]
[SourceVersion "1"]
[SourceVersionDate "2018.11.04"]
[SourceQuality "1"]

1. d4 Nf6 2. c4 e6 3. Nc3 d5 4. Bf4 Bd6 5. Bxd6 Qxd6 6. e3 0-0 7. Nf3 a6 8. c5 Qe7 9. Be2 b6 10. cxb6 cxb6 11. 0-0 Bb7 12. Qb3 Nbd7 13. Rfc1 Rfc8 14. Rc2 Ne4 15. Rac1 Nxc3 16. Rxc3 Rxc3 17. Rxc3 Rc8 18. Rxc8+ Bxc8 19. Qc3 Qd8 20. Qc6 Nb8 21. Qc2 Bd7 22. Bd3 h6 23. Ne5 Qc8 24. Qd1 a5 25. h3 Nc6 26. Ng4 Ne7 27. Bb1 Bb5 28. Ne5 Ba6 29. Kh2 f6 30. Nd3 Qc7+ 31. g3 e5 32. dxe5 fxe5 33. Qh5 Bxd3 34. Bxd3 e4 35. Be2 Qc8 36. Bg4 Qf8 37. Kg2 Qf7 38. Qe5 Kh7 39. Qb8 Qf6 40. b3 Ng6 41. Qb7 Ne7 42. Qd7 Qf7 43. h4 h5 44. Be2 Kh6 45. Qd6+ Qf6 46. Qxf6+ gxf6 47. Kf1 Nf5 48. Ke1 Kg6 49. Kd2 d4 50. exd4 Nxd4 51. Bd1 Ne6 52. Kc3 Nc5 53. Be2 f5 54. Kc4 Ne6 55. Kd5 Nc5 56. Kc6 Nd3 57. Kxb6 Nc1 58. Bb5 Nxa2 59. Be8+ Kh6 60. Kxa5 Nc1 61. b4 Nd3 62. b5 Nxf2 63. b6 e3 64. Bb5 Ne4 65. b7 1-0

[Event "Wch U18 Girls"]
[Site "Porto Carras"]
[Date "2018.10.30"]
[Round "11.3"]
[White "Dimitrova, Aleksandra"]
[Black "Di Benedetto, Desiree"]
[Result "1-0"]
[WhiteElo "2228"]
[BlackElo "2321"]
[PlyCount "73"]
[EventDate "2018.10.20"]
[EventType "swiss"]
[EventRounds "11"]
[EventCountry "GRE"]
[SourceTitle "CBM 187 Extra"]
[Source "ChessBase"]
[SourceDate "2018.11.04"]
[SourceVersion "1"]
[SourceVersionDate "2018.11.04"]
[SourceQuality "1"]

1. e4 e6 2. d4 d5 3. Nd2 c5 4. Ngf3 Nc6 5. exd5 exd5 6. Bb5 Qe7+ 7. Be2 Qc7 8. 0-0 Nf6 9. Re1 Be6 10. Nf1 Bd6 11. dxc5 Bxc5 12. Be3 Bd6 13. Nd4 Be5 14. c3 0-0 15. Nf3 Bd6 16. Bd4 Nxd4 17. Nxd4 a6 18. Bf3 Rae8 19. g3 Bd7 20. Ne3 Re5 21. Bg2 Rfe8 22. Nf3 Rh5 23. Nd4 Rhe5 24. Nf3 Rh5 25. Nc2 Rxe1+ 26. Ncxe1 Ne4 27. Nd3 Rh6 28. Nd4 Rg6 29. Qe2 f5 30. f3 Ng5 31. Re1 Bxg3 32. hxg3 Qxg3 33. Nxf5 Nxf3+ 34. Qxf3 Qxf3 35. Ne7+ Kf7 36. Ne5+ Kf6 37. Nxf3 1-0

[Event "Wch U18 Girls"]
[Site "Porto Carras"]
[Date "2018.10.23"]
[Round "5"]
[White "Buchta, Agnieszka"]
[Black "Di Benedetto, Desiree"]
[Result "0-1"]
[WhiteElo "1879"]
[BlackElo "2321"]
[PlyCount "130"]
[EventDate "2018.10.20"]
[EventType "swiss"]
[EventRounds "11"]
[EventCountry "GRE"]
[SourceTitle "CBM 187 Extra"]
[Source "ChessBase"]
[SourceDate "2018.11.04"]
[SourceVersion "1"]
[SourceVersionDate "2018.11.04"]
[SourceQuality "1"]

1. e4 e6 2. d4 d5 3. e5 c5 4. c3 Nc6 5. Nf3 Nge7 6. Be2 Nf5 7. dxc5 Bxc5 8. 0-0 Qc7 9. Re1 Qb6 10. Rf1 Qc7 11. Re1 Nfe7 12. b4 Bb6 13. a4 Qb8 14. Bd3 Ng6 15. Bxg6 hxg6 16. Qe2 f6 17. b5 Nxe5 18. Nxe5 Qxe5 19. Qxe5 fxe5 20. Rxe5 Bc7 21. Bf4 Bxe5 22. Bxe5 0-0 23. Nd2 Bd7 24. Nf3 Rfc8 25. Bd4 Be8 26. h4 a6 27. b6 Rc4 28. a5 Rac8 29. Ra3 Ra4 30. Rxa4 Bxa4 31. Ne5 Be8 32. g3 Kf8 33. Kg2 Ke7 34. Kf3 Kd6 35. Kf4 Rc5 36. Kg5 Rxa5 37. Nxg6 Bxg6 38. Kxg6 e5 39. Be3 Ra1 40. h5 Rh1 41. Bg5 d4 42. cxd4 exd4 43. Bd2 Kc5 44. g4 Kb5 45. Kxg7 a5 46. h6 a4 47. h7 Rxh7+ 48. Kxh7 a3 49. g5 a2 50. g6 a1Q 51. g7 Qb1+ 52. Kh6 Qh1+ 53. Kg6 Qe4+ 54. Kh6 Qe6+ 55. Kh7 Qf5+ 56. Kh6 Qf7 57. Kh7 Kxb6 58. Bh6 Kc5 59. Bd2 b5 60. f4 b4 61. Kh8 Qh5+ 62. Kg8 b3 63. Kf8 Qf5+ 64. Ke7 Qg6 65. Kf8 Qf6+ 0-1

[Event "Wch U18 Girls"]
[Site "Porto Carras"]
[Date "2018.10.21"]
[Round "3"]
[White "Bauyrzhan, Arnash"]
[Black "Di Benedetto, Desiree"]
[Result "1/2-1/2"]
[WhiteElo "2011"]
[BlackElo "2321"]
[PlyCount "81"]
[EventDate "2018.10.20"]
[EventType "swiss"]
[EventRounds "11"]
[EventCountry "GRE"]
[SourceTitle "CBM 187 Extra"]
[Source "ChessBase"]
[SourceDate "2018.11.04"]
[SourceVersion "1"]
[SourceVersionDate "2018.11.04"]
[SourceQuality "1"]

1. e4 e6 2. d4 d5 3. Nd2 Nf6 4. e5 Nfd7 5. Bd3 b6 6. c3 c5 7. Ne2 Ba6 8. Bxa6 Nxa6 9. 0-0 Be7 10. f4 Nc7 11. Nf3 Nb8 12. Be3 Nc6 13. Qe1 Qd7 14. Qg3 g6 15. Qf2 c4 16. Nd2 h5 17. Qf3 b5 18. b3 a6 19. a4 Na5 20. axb5 axb5 21. b4 Nc6 22. Rxa8+ Nxa8 23. Ra1 Nb6 24. Nb1 Qb7 25. Na3 Na4 26. Nc2 Kd7 27. Bd2 Ra8 28. f5 gxf5 29. Qxh5 Nd8 30. Bg5 Nb2 31. Rxa8 Qxa8 32. Bxe7 Kxe7 33. Qg5+ Kd7 34. h4 Nc6 35. h5 Qh8 36. h6 Ne7 37. Qf6 Qh7 38. Nf4 Ng8 39. Nxd5 exd5 40. Qd6+ Ke8 41. Qb8+ 1/2-1/2

[Event "Olympiad Women-43"]
[Site "Batumi"]
[Date "2018.10.02"]
[Round "8.3"]
[White "Abrahamyan, Tatev"]
[Black "Di Benedetto, Desiree"]
[Result "1-0"]
[WhiteElo "2361"]
[BlackElo "2321"]
[PlyCount "51"]
[EventDate "2018.09.24"]
[EventType "team-swiss"]
[EventRounds "11"]
[EventCountry "GEO"]
[SourceTitle "EXT 2020"]
[Source "ChessBase"]
[SourceDate "2019.10.17"]
[SourceVersion "1"]
[SourceVersionDate "2019.10.17"]
[SourceQuality "1"]
[WhiteTeam "United States (W)"]
[BlackTeam "Italy (W)"]
[WhiteTeamCountry "USA"]
[BlackTeamCountry "ITA"]

1. e4 c5 2. Nf3 e6 3. d4 cxd4 4. Nxd4 Nc6 5. Nc3 Qc7 6. f4 a6 7. Nxc6 bxc6 8. Bd3 d5 9. Qe2 Nf6 10. 0-0 Be7 11. Bd2 0-0 12. Rae1 g6 13. Kh1 dxe4 14. Nxe4 Nxe4 15. Bxe4 a5 16. Rf3 Ba6 17. Qf2 Rad8 18. Bc3 Rfe8 19. a3 Bd6 20. Qh4 e5 21. Rh3 f5 22. Bxf5 gxf5 23. Rg3+ Kf7 24. fxe5 Rxe5 25. Bxe5 Bxe5 26. Qxh7+ 1-0

[Event "Spilimbergo op 16th"]
[Site "Spilimbergo"]
[Date "2018.08.11"]
[Round "3"]
[White "Rahul, Srivatshav P"]
[Black "Di Benedetto, Desiree"]
[Result "1/2-1/2"]
[WhiteElo "2388"]
[BlackElo "2295"]
[PlyCount "80"]
[EventDate "2018.08.10"]
[EventType "swiss"]
[EventRounds "9"]
[EventCountry "ITA"]
[SourceTitle "CBM 186 Extra"]
[Source "ChessBase"]
[SourceDate "2018.08.24"]
[SourceVersion "1"]
[SourceVersionDate "2018.08.24"]
[SourceQuality "1"]

1. Nf3 d5 2. g3 Nf6 3. Bg2 e6 4. 0-0 Be7 5. d3 c5 6. Nbd2 Nc6 7. e4 Qc7 8. Re1 b6 9. c3 Bb7 10. exd5 Nxd5 11. Nc4 0-0 12. a4 Rad8 13. Qb3 h6 14. a5 Nxa5 15. Nxa5 bxa5 16. Ne5 Nb6 17. Bxb7 Qxb7 18. Qb5 Bd6 19. Nc4 Bb8 20. Be3 Qd5 21. Nxb6 axb6 22. Qxb6 Bd6 23. Qxa5 Ra8 24. Qb5 Rab8 25. Qa6 Rfd8 26. c4 Qf5 27. Rad1 Rxb2 28. d4 cxd4 29. Rxd4 Be7 30. Qa1 Rbb8 31. Rxd8+ Rxd8 32. Qa7 Bg5 33. Bb6 Rd2 34. Qa8+ Kh7 35. h4 Bf6 36. Be3 Rd8 37. Qa7 Bxh4 38. gxh4 Qg4+ 39. Kh2 Qxh4+ 40. Kg2 Qg4+ 1/2-1/2

[Event "ITA-ch sf 78th"]
[Site "Alessandria"]
[Date "2018.07.28"]
[Round "8"]
[White "Castaldo, Folco"]
[Black "Di Benedetto, Desiree"]
[Result "1/2-1/2"]
[WhiteElo "2431"]
[BlackElo "2309"]
[PlyCount "230"]
[EventDate "2018.07.21"]
[EventType "swiss"]
[EventRounds "9"]
[EventCountry "ITA"]
[SourceTitle "CBM 186 Extra"]
[Source "ChessBase"]
[SourceDate "2018.08.24"]
[SourceVersion "1"]
[SourceVersionDate "2018.08.24"]
[SourceQuality "1"]

1. Nf3 Nf6 2. c4 e6 3. Nc3 d5 4. e3 Be7 5. b3 0-0 6. Bb2 b6 7. cxd5 exd5 8. Be2 Bf5 9. 0-0 c5 10. d4 Nc6 11. Rc1 h6 12. Ne5 Na5 13. dxc5 bxc5 14. Na4 Rc8 15. Ba6 Rb8 16. Bc3 Bd6 17. Bd3 Bxd3 18. Nxd3 c4 19. Ndc5 cxb3 20. axb3 Nb7 21. Bxf6 Qxf6 22. Nxb7 Rxb7 23. Qxd5 Rd7 24. Qb5 Rfd8 25. Rc6 Qh4 26. g3 Qg4 27. Nc5 Bxc5 28. Rxc5 Rd1 29. Rc1 R1d5 30. Rc5 Rd1 31. Rc1 R1d5 32. Qc4 Qh3 33. Qe4 Rh5 34. Qg2 Qe6 35. Rfd1 Rb8 36. Rd3 a5 37. Qc6 Qh3 38. Qg2 Qe6 39. h4 Rhb5 40. Rcc3 Kh7 41. Qf3 Rf5 42. Qg4 Qf6 43. Rc6 Qa1+ 44. Kg2 Rbb5 45. e4 Rf6 46. Rxf6 Qxf6 47. Rf3 Qe7 48. Qf4 Kg8 49. Qe3 Rb4 50. Rf4 Qb7 51. Qd3 Rxb3 52. Qd8+ Kh7 53. Qxa5 Rb5 54. Qa2 f6 55. Qc4 Re5 56. Kh2 Qd7 57. Rf3 Qe7 58. Re3 Ra5 59. Rd3 Re5 60. Rd4 Rc5 61. Qd3 Qe5 62. Rd5 Rc3 63. Qb1 Qe8 64. e5+ Qg6 65. Qxg6+ Kxg6 66. e6 Rc6 67. h5+ Kh7 68. e7 Re6 69. Rd7 Kg8 70. Kg2 Re5 71. g4 Re4 72. Kf3 Re5 73. Kf4 Re2 74. Kf3 Re5 75. Rc7 Re6 76. Rb7 Re5 77. Ra7 Re6 78. Kg3 Re5 79. Kf4 Re6 80. Kf5 Re5+ 81. Kf4 Re6 82. f3 Re2 83. Rb7 Re1 84. Kg3 Re5 85. Kf2 Re6 86. Rc7 Re5 87. Ra7 Re6 88. f4 Re4 89. Kf3 Re1 90. Rb7 Re6 91. g5 hxg5 92. fxg5 fxg5 93. Kg4 Re5 94. Rc7 Kf7 95. e8Q+ Kxe8 96. Rxg7 Kf8 97. h6 Ra5 98. Kh5 g4+ 99. Kg6 Ra6+ 100. Kh7 Ra4 101. Rg5 Ra7+ 102. Kh8 Rf7 103. Rg8+ Ke7 104. h7 Kf6 105. Ra8 g3 106. Ra6+ Kf5 107. Kg8 Rxh7 108. Kxh7 Kf4 109. Kg6 g2 110. Ra1 Kf3 111. Kf5 Kf2 112. Kf4 g1Q 113. Ra2+ Kf1 114. Ra1+ Kf2 115. Rxg1 Kxg1 1/2-1/2